Mcclave James T (Record no. 4711)
[ view plain ]
| 000 -LEADER | |
|---|---|
| fixed length control field | 00388nam a2200133Ia 4500 |
| 008 - FIXED-LENGTH DATA ELEMENTS--GENERAL INFORMATION | |
| fixed length control field | 151015s9999 xx 000 0 und d |
| 020 ## - INTERNATIONAL STANDARD BOOK NUMBER | |
| International Standard Book Number | 9.780558766e+012 |
| 050 ## - LIBRARY OF CONGRESS CALL NUMBER | |
| Classification number | HF 1017.M36 2011 |
| 245 ## - TITLE STATEMENT | |
| Title | Mcclave James T |
| 250 ## - EDITION STATEMENT | |
| Edition statement | _Statistics for Business&Economics |
| 300 ## - PHYSICAL DESCRIPTION | |
| Extent | New York Learning solutions 2011 |
| 650 ## - SUBJECT ADDED ENTRY--TOPICAL TERM | |
| Topical term or geographic name as entry element | _statistics business |
| 700 ## - ADDED ENTRY--PERSONAL NAME | |
| Personal name | ^d20130523 08:53:08^oanne |
No items available.